00835 2200181 4500001002100000005001500021035002000036245006500056100001500121250001700136300002800153260003100181082000800212084001400220020002200234600002100256520037600277INLIS00000000000006120240423122943 a0010-04240000051 aJangan Remehkan Aku! :bKanju, Si Kancing Baju /cLish Adnan0 aLish Adnan acetakan ke-1 a36 hlm :bilus ;c19 cm aSolo :bTiga Ananda,c2018 a813 a813 LIS j a978-602-366-515-0 4aCerita Bergambar a“Ups! Kanju, si kancing baju, terlepas dari baju seragam Nafis. Dia jatuh dan menggelinding ke bawah lemari. Dia merasa sedih dan takut berada di tempat itu. Tanpa Kanju, baju seragam Nafis pun tampak tidak rapi. Nafis berusaha mencari-cari Kanju. Apakah nasib Kanju akan berakhir di bawah lemari itu? Dapatkah Nafis menemukan Kanju lagi? Yuk, ikuti kisah serunya!”